[Event "NATO-ch 22nd"]
[Site "Kaunas"]
[Date "2011.08.09"]
[Round "3.35"]
[White "Narman, Gokhan"]
[Black "Crapulli, Giuseppe"]
[Result "1-0"]
[WhiteElo "2057"]
[BlackElo "1976"]
[PlyCount "105"]
[EventDate "2011.08.??"]
[EventType "swiss"]
[EventRounds "7"]
[EventCountry "LTU"]
[WhiteTeam "TUR"]
[BlackTeam "ITA"]

1. d4 Nf6 2. c4 e6 3. g3 d5 4. Nf3 Be7 5. Bg2 O-O 6. O-O c6 7. b3 Nbd7 8. Bb2
b6 9. Nc3 Bb7 10. Qd3 Rb8 11. Rad1 a6 12. Rfe1 Re8 13. Ne5 Nxe5 14. dxe5 Nd7
15. f4 Qc7 16. e4 Nc5 17. Qe2 Nxe4 18. Nxe4 dxe4 19. Bxe4 Red8 20. f5 exf5 21.
Bxf5 Rxd1 22. Rxd1 Rd8 23. e6 Rxd1+ 24. Qxd1 g6 25. exf7+ Kxf7 26. Be4 Qd6 27.
Qf3+ Bf6 28. h4 Kg7 29. Bxf6+ Qxf6 30. Qxf6+ Kxf6 31. Kf2 Ke5 32. Ke3 Bc8 33.
Bxc6 a5 34. Be4 Be6 35. Bd3 Bd7 36. a3 Bc6 37. b4 axb4 38. axb4 Be8 39. Be4 h6
40. c5 bxc5 41. bxc5 g5 42. hxg5 hxg5 43. c6 Kd6 44. Kd4 Bf7 45. Bf3 Bg6 46.
Kc4 Bf7+ 47. Kb5 Kc7 48. Kc5 Ba2 49. Bg4 Bg8 50. Bd7 Ba2 51. Kd4 Kd6 52. Ke4
Bb1+ 53. Kf3 1-0

[Event "NATO-ch 22nd"]
[Site "Kaunas"]
[Date "2011.08.09"]
[Round "3.36"]
[White "Cheung, Jan W"]
[Black "De Cat, Ben"]
[Result "1/2-1/2"]
[WhiteElo "2024"]
[BlackElo "1900"]
[PlyCount "136"]
[EventDate "2011.08.??"]
[EventType "swiss"]
[EventRounds "7"]
[EventCountry "LTU"]
[WhiteTeam "NED"]
[BlackTeam "BEL"]

1. d4 Nf6 2. c4 d6 3. Nc3 c6 4. e4 Qc7 5. Nf3 e5 6. Be2 Be7 7. O-O h6 8. Qc2
Nbd7 9. Rd1 g5 10. Be3 Nf8 11. d5 c5 12. a3 Ng6 13. g3 Bd7 14. Rac1 Ng4 15. Bd2
Qc8 16. Bd3 O-O 17. Ne1 Nf6 18. f3 Nh5 19. Ng2 Kh8 20. Rf1 Bh3 21. Rf2 Bxg2 22.
Rxg2 Qd7 23. Nd1 Ng7 24. Ne3 f6 25. b4 b6 26. Bc3 Rf7 27. Rb1 h5 28. bxc5 bxc5
29. Qb3 Bd8 30. Qb5 Qc8 31. Rgb2 h4 32. Nf5 Nxf5 33. exf5 Ne7 34. gxh4 Bb6 35.
hxg5 fxg5 36. Rg2 Nxd5 37. cxd5 c4+ 38. Kh1 cxd3 39. Qxd3 Qxf5 40. Qxf5 Rxf5
41. Bb4 Rd8 42. Rg3 Bf2 43. Rg4 Kg7 44. Kg2 Bh4 45. Rc4 Rd7 46. Rc6 Rf6 47.
Rbc1 Kg6 48. Rc7 Rd8 49. Rxa7 Rdf8 50. Rd7 Rxf3 51. Rxd6+ Kh5 52. Rdc6 Rf2+ 53.
Kg1 R8f4 54. R6c2 e4 55. Bc5 R2f3 56. Re2 g4 57. d6 e3 58. d7 Rf5 59. Bb6 $138
Rd5 60. Rc5 Rff5 61. Rxd5 Rxd5 62. d8=Q Bxd8 63. Bxd8 Rxd8 64. Rxe3 Rd4 65. h3
gxh3 66. Rxh3+ Kg4 67. Re3 Kf4 68. Rh3 Ke4 1/2-1/2

[Event "NATO-ch 22nd"]
[Site "Kaunas"]
[Date "2011.08.09"]
[Round "3.37"]
[White "Koopmeiners, Karl"]
[Black "Cappon, Kaan"]
[Result "1-0"]
[WhiteElo "2022"]
[BlackElo "1899"]
[PlyCount "111"]
[EventDate "2011.08.??"]
[EventType "swiss"]
[EventRounds "7"]
[EventCountry "LTU"]
[WhiteTeam "NATO"]
[BlackTeam "BEL"]

1. d4 Nf6 2. c4 g6 3. Nc3 Bg7 4. e4 d6 5. Nf3 O-O 6. Be2 Nbd7 7. O-O c5 8. d5
Ng4 9. Ne1 Nh6 10. Nd3 f5 11. h4 fxe4 12. Nxe4 Nf6 13. Ng5 Nf5 14. Nf4 Nxh4 15.
Nge6 Bxe6 16. Nxe6 Qd7 17. Nxf8 Rxf8 18. Bg5 Nf5 19. Qd3 Nd4 20. Rae1 e5 21.
dxe6 Qxe6 22. Bd1 Qf7 23. b3 h6 24. Bd2 Nd7 25. Qe4 Nf6 26. Qe7 Re8 27. Qxd6
Bf8 28. Rxe8 Nxe8 29. Qf4 Nd6 30. Qxf7+ Kxf7 31. Bf4 Ne4 32. Be5 Nc3 33. a3
Nxd1 34. Bxd4 cxd4 35. Rxd1 Bxa3 36. Rxd4 Ke6 37. Rd5 b6 38. f4 h5 39. Kf2 Bb4
40. Kf3 Bc3 41. Ke4 Bf6 42. Rb5 Kd6 43. Rd5+ Ke6 44. f5+ gxf5+ 45. Rxf5 h4 46.
Kf4 Be7 47. Kg4 Kd6 48. Rh5 Kc6 49. Rh7 Kd6 50. Kf5 a5 51. Kg4 Bd8 52. Rxh4 Kc5
53. Rh8 Bf6 54. Rh5+ Kd4 55. Rh6 Ke5 56. Rxf6 1-0

[Event "NATO-ch 22nd"]
[Site "Kaunas"]
[Date "2011.08.09"]
[Round "3.38"]
[White "Csizmadia, Csaba"]
[Black "Ola, Nathanial"]
[Result "1-0"]
[WhiteElo "1888"]
[BlackElo "2019"]
[PlyCount "107"]
[EventDate "2011.08.??"]
[EventType "swiss"]
[EventRounds "7"]
[EventCountry "LTU"]
[WhiteTeam "HUN"]
[BlackTeam "USA"]

1. d4 d5 2. c4 c6 3. Nc3 Nf6 4. Nf3 a6 5. a4 e6 6. Bg5 Bb4 7. e3 Qa5 8. Bd3
dxc4 9. Bc2 Bxc3+ 10. bxc3 Qxc3+ 11. Nd2 Nbd7 12. O-O b5 13. axb5 cxb5 14. Ne4
Qb4 15. Qf3 Nd5 16. Rfb1 Qf8 17. Rxb5 axb5 18. Rxa8 N5b6 19. Nc5 Qd6 20. Bf4
Qe7 21. Ra7 O-O 22. Qc6 e5 23. Bxe5 Nxe5 24. Qxb6 Qe8 25. dxe5 Qxe5 26. Qxb5
Be6 27. h3 Qc3 28. Qb1 Bd5 29. Bxh7+ Kh8 30. Be4 Bxe4 31. Nxe4 Qe5 32. Qc2 c3
33. Nxc3 Qc5 34. Ra1 Rc8 35. Rc1 Qa3 36. Qd2 Rc6 37. Ne2 Rd6 38. Rc8+ Kh7 39.
Qc2+ g6 40. Nd4 Qa5 41. Qc3 Qe5 42. Qc5 Qf6 43. Rc6 Rxc6 44. Qxc6 Qe5 45. Qb7
Kg7 46. Qb5 Qe4 47. Nf3 Qc2 48. Qe5+ Kg8 49. g3 Qc6 50. Ng5 Qc1+ 51. Kh2 Qc6
52. Qf4 f6 53. Qb8+ Kg7 54. Qc7+ 1-0

[Event "NATO-ch 22nd"]
[Site "Kaunas"]
[Date "2011.08.09"]
[Round "3.39"]
[White "Jackson, Andy"]
[Black "Skwarczynski, Marcin"]
[Result "1/2-1/2"]
[WhiteElo "1840"]
[BlackElo "2011"]
[PlyCount "144"]
[EventDate "2011.08.??"]
[EventType "swiss"]
[EventRounds "7"]
[EventCountry "LTU"]
[WhiteTeam "BEL"]
[BlackTeam "NATO"]

1. e4 c5 2. Nf3 Nc6 3. c3 d5 4. exd5 Qxd5 5. Be2 e5 6. c4 Qd8 7. Nc3 Nf6 8. d3
Be7 9. Be3 O-O 10. O-O Bf5 11. Ng5 Qd7 12. Nge4 b6 13. Nxf6+ Bxf6 14. Nd5 Bd8
15. Bf3 Rc8 16. Be4 Be6 17. f4 f5 18. Bf3 Kh8 19. Kf2 Bxd5 20. Bxd5 Nb4 21.
fxe5 Nxd5 22. cxd5 Qxd5 23. d4 f4 24. Kg1 Bg5 25. Bf2 Rcd8 26. Qg4 Be7 27. Rfd1
cxd4 28. Rxd4 Qxe5 29. Re1 Qxe1+ 30. Bxe1 Rxd4 31. Bc3 Bc5 32. Bxd4 Bxd4+ 33.
Kf1 a5 34. Qe2 h6 35. b3 Bc5 36. Qf3 Rf6 37. Qa8+ Kh7 38. Qe4+ Kg8 39. Qe8+ Rf8
40. Qe6+ Kh8 41. Qc6 Rd8 42. Ke2 Rf8 43. Kf3 Rf6 44. Qe8+ Bf8 45. Qd8 Kh7 46.
Qd3+ g6 47. Qd7+ Bg7 48. Ke4 h5 49. Kf3 Rf5 50. Qe6 b5 51. a4 Re5 52. Qd7 bxa4
53. bxa4 Rf5 54. Qe6 Re5 55. Qd7 Rf5 56. Qe6 Re5 57. Qd7 Rf5 58. Qc6 Kh6 59.
Qd6 Rf6 60. Qe5 Rf5 61. Qe6 Kh7 62. Qd7 Rf8 63. Qc7 Rf5 64. Qd7 Kh6 65. Qd6 Bf8
66. Qe6 Bb4 67. Qe4 Rf8 68. Qe6 Kg7 69. Qd7+ Rf7 70. Qd4+ Kh7 71. Qd5 Rf5 72.
Qd7+ Kh6 1/2-1/2

[Event "NATO-ch 22nd"]
[Site "Kaunas"]
[Date "2011.08.09"]
[Round "3.40"]
[White "Stone, Stephen"]
[Black "Steffers, Hendrik"]
[Result "1-0"]
[WhiteElo "1609"]
[BlackElo "1959"]
[PlyCount "97"]
[EventDate "2011.08.??"]
[EventType "swiss"]
[EventRounds "7"]
[EventCountry "LTU"]
[WhiteTeam "CAN"]
[BlackTeam "NATO"]

1. c4 e5 2. g3 d5 3. Bg2 c6 4. d4 e4 5. c5 Nf6 6. e3 Be7 7. Ne2 O-O 8. Nbc3 b5
9. b4 a5 10. bxa5 Qxa5 11. Bd2 Qc7 12. a4 bxa4 13. Rxa4 Ba6 14. O-O Nbd7 15.
Qc2 Bd3 16. Qa2 Rxa4 17. Qxa4 Rb8 18. Qa3 h6 19. Ra1 Qb7 20. Nc1 Bc4 21. f3 Qb2
22. Qxb2 Rxb2 23. Be1 exf3 24. Bxf3 Rb7 25. N1e2 g5 26. g4 Kg7 27. Ng3 Bd3 28.
Nf5+ Bxf5 29. gxf5 Bd8 30. Bg3 Bc7 31. Be1 h5 32. e4 Rb4 33. Nxd5 Bxh2+ 34.
Kxh2 Rxd4 35. Nxf6 Nxf6 36. e5 Nd5 37. Bxh5 Re4 38. Bg3 Nf4 39. Bxf4 gxf4 40.
f6+ Kh6 41. Bxf7 Rxe5 42. Ra6 Rxc5 43. Be8 Rf5 44. Rxc6 f3 45. f7+ Kg7 46. Kg1
f2+ 47. Kf1 Kf8 48. Rc2 Ke7 49. Rxf2 1-0

[Event "NATO-ch 22nd"]
[Site "Kaunas"]
[Date "2011.08.09"]
[Round "3.41"]
[White "Van den Heuvel, Tonnie"]
[Black "Cohnen, Michael"]
[Result "1-0"]
[WhiteElo "1934"]
[BlackElo "1777"]
[PlyCount "51"]
[EventDate "2011.08.??"]
[EventType "swiss"]
[EventRounds "7"]
[EventCountry "LTU"]
[WhiteTeam "NED"]
[BlackTeam "NATO"]

1. c4 c6 2. e4 d5 3. exd5 cxd5 4. cxd5 Nf6 5. Nc3 Nxd5 6. d4 e6 7. Nf3 Nc6 8.
Bd3 Be7 9. O-O O-O 10. Re1 a6 11. a3 Nf6 12. Bb1 b5 13. Qd3 g6 14. Ba2 Kg7 15.
Bg5 h6 16. Be3 Ng4 17. d5 Nxe3 18. Qxe3 Na5 19. dxe6 fxe6 20. Bxe6 Bxe6 21.
Qxe6 Bf6 22. Rad1 Qc8 23. Rd7+ Kh8 24. Nd5 Qc6 25. Nxf6 Rxf6 26. Qe7 1-0

[Event "NATO-ch 22nd"]
[Site "Kaunas"]
[Date "2011.08.09"]
[Round "3.42"]
[White "Landry, Guillaume"]
[Black "Ross, David C"]
[Result "0-1"]
[WhiteElo "1274"]
[BlackElo "1925"]
[PlyCount "130"]
[EventDate "2011.08.??"]
[EventType "swiss"]
[EventRounds "7"]
[EventCountry "LTU"]
[WhiteTeam "CAN"]
[BlackTeam "NATO"]

1. e4 e5 2. Nf3 Nc6 3. Bb5 a6 4. Bxc6 dxc6 5. Nc3 Bc5 6. O-O Bg4 7. h3 Bxf3 8.
Qxf3 Qf6 9. Qxf6 Nxf6 10. d3 O-O 11. Kh1 Nd7 12. f4 Bd6 13. f5 Rfe8 14. g4 h6
15. Ne2 c5 16. Ng3 b5 17. Nh5 c4 18. h4 cxd3 19. cxd3 Nc5 20. Rf3 Red8 21. g5
hxg5 22. hxg5 Bf8 23. f6 g6 24. Ng3 Nxd3 25. a3 Ne1 26. Rc3 Rd1 27. Kh2 c5 28.
b4 c4 29. Ra2 Nd3 30. Ne2 Bd6 31. Rd2 Rxd2 32. Bxd2 Kf8 33. Nc1 Nf4 34. Bxf4
exf4 35. Rh3 Kg8 36. Kg2 Rc8 37. Na2 Be5 38. Kf1 c3 39. Ke2 c2 40. Kd2 Rc7 41.
Nc1 Bd4 42. Rd3 Be3+ 43. Rxe3 fxe3+ 44. Kxe3 Kf8 45. Kd2 Ke8 46. Nd3 Rc4 47. e5
c1=Q+ 48. Nxc1 Rxc1 49. Kxc1 Kd7 50. Kc2 Ke6 51. Kd3 Kxe5 52. Ke3 Kf5 53. Kd4
Kxg5 54. Kc5 Kxf6 55. Kb6 g5 56. Kxa6 g4 57. Kxb5 g3 58. a4 g2 59. a5 g1=Q 60.
a6 Ke6 61. Kc6 Qc1+ 62. Kb6 Kd6 63. a7 Qc6+ 64. Ka5 Qb7 65. b5 Kc5 0-1

[Event "NATO-ch 22nd"]
[Site "Kaunas"]
[Date "2011.08.09"]
[Round "3.43"]
[White "Adolfssen, Rico"]
[Black "Ulusoy, Mustafa"]
[Result "1-0"]
[WhiteElo "1912"]
[BlackElo "1720"]
[PlyCount "63"]
[EventDate "2011.08.??"]
[EventType "swiss"]
[EventRounds "7"]
[EventCountry "LTU"]
[WhiteTeam "DEN"]
[BlackTeam "NATO"]

1. e4 e6 2. d4 d5 3. Nd2 Nf6 4. e5 Nfd7 5. Ngf3 c5 6. c3 Nc6 7. Bb5 cxd4 8.
Bxc6 bxc6 9. cxd4 Be7 10. O-O O-O 11. Re1 c5 12. dxc5 Nxc5 13. Nb3 Ba6 14. Nxc5
Bxc5 15. Be3 Rc8 16. Bxc5 Rxc5 17. Rc1 Qb6 18. Rxc5 Qxc5 19. Nd4 Rc8 20. h4 h6
21. Qd2 Kf8 22. Qf4 Ke8 23. Qg4 Qb4 24. Re3 Qd2 25. Nxe6 Rc1+ 26. Kh2 Qxf2 27.
Nxg7+ Kd8 28. Qf3 Qxh4+ 29. Qh3 Qf2 30. Qxh6 Qg1+ 31. Kg3 Rc7 32. Qh8+ 1-0

[Event "NATO-ch 22nd"]
[Site "Kaunas"]
[Date "2011.08.09"]
[Round "3.44"]
[White "Lukjanovas, Vladas"]
[Black "Ghiacy, Jelani"]
[Result "1-0"]
[WhiteElo "1893"]
[BlackElo "1154"]
[PlyCount "83"]
[EventDate "2011.08.??"]
[EventType "swiss"]
[EventRounds "7"]
[EventCountry "LTU"]
[WhiteTeam "LTU"]
[BlackTeam "CAN"]

1. Nf3 d5 2. d4 Bf5 3. g3 h6 4. Bg2 Nc6 5. c3 e6 6. O-O g5 7. Re1 g4 8. Nh4
Bxb1 9. Rxb1 h5 10. e4 dxe4 11. Bxe4 Qd7 12. Bxc6 Qxc6 13. d5 Qd7 14. dxe6 Qxd1
15. exf7+ Kxf7 16. Rxd1 Bd6 17. Nf5 Ke6 18. Nxd6 cxd6 19. Bf4 Rd8 20. Rd4 d5
21. Re1+ Kf7 22. Re5 Ne7 23. Rxe7+ Kxe7 24. Bg5+ Kd6 25. Bxd8 Rxd8 26. Kg2 Re8
27. c4 Re5 28. Rxd5+ Rxd5 29. cxd5 Kxd5 30. f4 Ke4 31. Kf2 b5 32. b4 a6 33. Ke2
Kd4 34. Kd2 Ke4 35. Kc3 Kd5 36. Kd3 Ke6 37. Ke4 Kf6 38. f5 Ke7 39. Ke5 Kf7 40.
f6 Ke8 41. Ke6 Kf8 42. f7 1-0

[Event "NATO-ch 22nd"]
[Site "Kaunas"]
[Date "2011.08.11"]
[Round "6.30"]
[White "Almonti, Alessandro"]
[Black "Lukjanovas, Vladas"]
[Result "1-0"]
[WhiteElo "2022"]
[BlackElo "1893"]
[PlyCount "91"]
[EventDate "2011.08.??"]
[EventType "swiss"]
[EventRounds "7"]
[EventCountry "LTU"]
[WhiteTeam "ITA"]
[BlackTeam "LTU"]

1. c4 Nf6 2. g3 g6 3. Bg2 Bg7 4. Nc3 O-O 5. e4 e5 6. Nge2 c5 7. d3 d6 8. O-O
Nh5 9. Rb1 Nc6 10. a3 a5 11. Nd5 Be6 12. Nec3 Nd4 13. b4 axb4 14. axb4 b6 15.
Be3 Nf6 16. Nxf6+ Bxf6 17. Bxd4 exd4 18. Ne2 Bg5 19. h3 h5 20. f4 Bh6 21. Kh2
Ra2 22. Nc1 Ra7 23. Rf2 Qc8 24. bxc5 bxc5 25. Rb6 Qc7 26. Rfb2 h4 27. Qf3 hxg3+
28. Kxg3 Qe7 29. Ne2 Ra3 30. Kh2 Bxc4 31. Qg4 Bxd3 32. Ng3 Ba6 33. Nf5 Bxf4+
34. Qxf4 gxf5 35. Rxd6 f6 36. Rbb6 Bd3 37. exf5 Ra2 38. Qg4+ Qg7 39. Kg3 Bxf5
40. Bd5+ Kh8 41. Qxg7+ Kxg7 42. Bxa2 Ra8 43. Rxf6 Bc2 44. Bd5 Re8 45. Rf7+ Kh8
46. Rh6+ 1-0